Statistics for Top Five Cities By Category #1

Click here to take the quiz!

General Stats

  • This quiz has been taken 4,137 times
  • The average score is 17 of 27

Answer Stats

CategoryCity% Correct
Most Skyscrapers (2), Most Billionaires (1), Most Michelin Stars (5)New York City
98%
Biggest Cities (1), Most Skyscrapers (3), Most Michelin Stars (1), Most Liveable (2)Tokyo
96%
Most Expensive (3), Most Billionaires (4), Longest Subway Systems (4)London
94%
Most Michelin Stars (4)Paris
93%
Most Billionaires (5), Longest Subway Systems (3)Beijing
85%
Biggest Cities (3), Most Skyscrapers (4), Longest Subway Systems (1)Shanghai
82%
Most Billionaires (2)Moscow
76%
Biggest Cities (4), Biggest Muslim Majority Cities (1)Jakarta
75%
Most Skyscrapers (5)Dubai
73%
Biggest Muslim Majority Cities (3)Cairo
69%
Longest Subway Systems (2)Berlin
67%
Most Skyscrapers (1), Most Billionaires (4)Hong Kong
65%
Most Expensive (1)Oslo
65%
Most Expensive (5)Singapore
63%
Most Liveable (4)Stockholm
62%
Biggest Cities (5), Longest Subway Systems (5)Seoul
58%
Biggest Muslim Majority Cities (5)Tehran
56%
Biggest Cities (2)Guangzhou
53%
Most Liveable (1)Copenhagen
52%
Most Liveable (5)Helsinki
46%
Most Expensive (2)Zurich
45%
Biggest Muslim Majority Cities (2)Karachi
45%
Most Michelin Stars (2)Osaka
38%
Most Liveable (3)Melbourne
34%
Most Expensive (4)Geneva
33%
Biggest Muslim Majority Cities (4)Dhaka
33%
Most Michelin Stars (3)Kyoto
13%

Score Distribution

Percentile by Number Answered

Percent of People with Each Score

Your Score History

You have not taken this quiz